00855nam a22002297a 4500003000400000005001700004008004100021020001800062040000800080041001200088082001200100100002800112245009300140260004300233300002700276504006300303650006100366650007000427650004900497651004500546651003400591OSt20251222095253.0251222b |||||||| |||| 00| 0 eng d a9780230358270 cDCL aEnglish a959.1041 aSaha, Jonathan, d1984-10aLaw, disorder and the colonial state : bcorruption in Burma c.1900 /cby Jonathan Saha. aNew York :bPalgrave macmillan,c2013. ax, 166 pages :c20 cm. aIncludes bibliographical references (p. 230-233) and index aColonial administrators zBurma vHistory y20th century aColonial administrators zGreat Britain vHistory y20th century. aCorruption zMyanmarvHistoryy 20th century aBritish zBurma vHistory y20th century aMyanmar vHistory y1824-1948